| Tag |
First Indicator |
Second Indicator |
Subfields |
| LEADER |
00000cam a22000003u 4500 |
| 001 |
in00005780098 |
| 005 |
20260429163955.9 |
| 006 |
m o d |
| 007 |
cr ||||||||||| |
| 008 |
241212s2024 xx o 000 u und d |
| 040 |
|
|
|a OCLKB
|b eng
|e pn
|c OCLKB
|d DEGRU
|d AUD
|d UPM
|d SXB
|
| 020 |
|
|
|a 9783839464601
|
| 020 |
|
|
|a 3839464609
|
| 035 |
|
|
|a (OCoLC)1478296796
|
| 049 |
|
|
|a TXAM
|
| 100 |
1 |
|
|a Faßhauer, Tobias
|
| 245 |
1 |
0 |
|a »Hands Across the Sea« - John Philip Sousa und der musikalische Amerikanismus in Kontinentaleuropa
|
| 264 |
|
1 |
|b transcript Verlag
|c 2024
|
| 300 |
|
|
|a 1 online resource
|
| 336 |
|
|
|a text
|b txt
|2 rdacontent
|
| 337 |
|
|
|a computer
|b c
|2 rdamedia
|
| 338 |
|
|
|a online resource
|b cr
|2 rdacarrier
|
| 588 |
|
|
|a Machine-generated record
|
| 505 |
0 |
0 |
|t Frontmatter --
|t Inhalt --
|t Dank --
|t Editorische Vorbemerkungen --
|t Einleitung --
|t ERSTER TEIL John Philip Sousa in Europa --
|t 1. »They had never heard such music before«: Die Tournee von 1900 --
|t 2. »Amerika siegt in der alten Welt«: Die Tournee von 1903 --
|t 3. »Souza, le grand Souza !« --
|t 4. Die Sousa Band --
|t 5. Solisten und Solistinnen --
|t ZWEITER TEIL Sousas Tournee-Repertoires und ihr Echo --
|t 1. Programmgestaltung und -dramaturgie --
|t 2. Das Kernrepertoire: Sousas »Descriptive Music« --
|t 3. Musik aus Oper und Sinfonik --
|t 4. Sousas Märsche --
|t 5. Cakewalk und Plantation Song --
|t DRITTER TEIL Die Musik des Amerikanismus --
|t 1. »An idiom peculiar to America« --
|t 2. Groteskpose und Konzision. Max Chops Ästhetik des musikalischen Amerikanismus --
|t 3. Amerikanismus -- Modernismus -- Sousaismus --
|t Anhang --
|t Quellen- und Literaturverzeichnis --
|t Personenregister
|
| 520 |
|
|
|a Der Dirigent und Komponist John Philip Sousa (1854-1932) war eine Ikone der amerikanischen Massenkultur um 1900. Seine Märsche und die internationalen Tourneen seines zivilen Blasorchesters machten ihn zu einem der bekanntesten Musiker seiner Zeit. Tobias Faßhauer zeichnet erstmals Sousas kontinentaleuropäische Konzertreisen nach, um seine Rolle im frühen Transfer amerikanischer populärer Musik nach Europa aufzudecken. Eingebettet in den Kontext der Debatte über Amerikanismus zu Beginn des 20. Jahrhunderts entsteht so ein luzides Bild von der Rezeption und dem Einfluss Sousas auf die europäische Musik.
|
| 650 |
|
7 |
|a ART / Criticism.
|2 bisacsh
|
| 650 |
|
7 |
|a HISTORY / General.
|2 bisacsh
|
| 650 |
|
7 |
|a HISTORY / Europe / General.
|2 bisacsh
|
| 650 |
|
7 |
|a HISTORY / Europe / France.
|2 bisacsh
|
| 650 |
|
7 |
|a HISTORY / Europe / Germany.
|2 bisacsh
|
| 650 |
|
7 |
|a HISTORY / United States / General.
|2 bisacsh
|
| 650 |
|
7 |
|a HISTORY / Modern / 19th Century.
|2 bisacsh
|
| 650 |
|
7 |
|a HISTORY / Modern / 20th Century.
|2 bisacsh
|
| 650 |
|
7 |
|a HISTORY / Social History.
|2 bisacsh
|
| 650 |
|
7 |
|a MUSIC / Business Aspects.
|2 bisacsh
|
| 650 |
|
7 |
|a MUSIC / History & Criticism.
|2 bisacsh
|
| 650 |
|
7 |
|a SOCIAL SCIENCE / General.
|2 bisacsh
|
| 650 |
|
7 |
|a SOCIAL SCIENCE / Popular Culture.
|2 bisacsh
|
| 650 |
|
7 |
|a SOCIAL SCIENCE / Sociology / General.
|2 bisacsh
|
| 650 |
|
7 |
|a SOCIAL SCIENCE / Media Studies.
|2 bisacsh
|
| 653 |
|
0 |
|a Music History
|
| 653 |
|
0 |
|a Musikgeschichte
|
| 653 |
|
0 |
|a Belle époque
|
| 653 |
|
0 |
|a John Philip Sousa
|
| 653 |
|
0 |
|a Dance Music
|
| 653 |
|
0 |
|a Kulturtransfer
|
| 653 |
|
0 |
|a March
|
| 653 |
|
0 |
|a Belle Époque
|
| 653 |
|
0 |
|a Brass Music
|
| 653 |
|
0 |
|a Tanzmusik
|
| 653 |
|
0 |
|a Europe
|
| 653 |
|
0 |
|a Marsch
|
| 653 |
|
0 |
|a Americanism
|
| 653 |
|
0 |
|a Blasmusik
|
| 653 |
|
0 |
|a Popular Music
|
| 653 |
|
0 |
|a Europa
|
| 653 |
|
0 |
|a 20th Century
|
| 653 |
|
0 |
|a Amerikanismus
|
| 653 |
|
0 |
|a USA
|
| 653 |
|
0 |
|a Populäre Musik
|
| 653 |
|
0 |
|a Music
|
| 653 |
|
0 |
|a 20. Jahrhundert
|
| 653 |
|
0 |
|a Cultural History
|
| 653 |
|
0 |
|a America
|
| 653 |
|
0 |
|a Musik
|
| 653 |
|
0 |
|a Musicology
|
| 653 |
|
0 |
|a Kulturgeschichte
|
| 653 |
|
0 |
|a Sound
|
| 653 |
|
0 |
|a Amerika
|
| 653 |
|
0 |
|a Musikwissenschaft
|
| 653 |
|
0 |
|a Klang
|
| 655 |
|
7 |
|a Electronic books.
|2 local
|
| 710 |
2 |
|
|a Walter de Gruyter & Co.
|
| 856 |
4 |
0 |
|u https://www.degruyterbrill.com/openurl?genre=book&isbn=9783839464601
|z Connect to the full text of this electronic book
|t 0
|
| 955 |
|
|
|a De Gruyter Open Access ebooks
|
| 994 |
|
|
|a 92
|b TXA
|
| 999 |
f |
f |
|i 044c58b8-ba85-416c-b708-9d9fc0381fa2
|s f6f03fa3-82f7-4b01-af09-e0e2bea9e57d
|t 0
|
| 952 |
f |
f |
|a Texas A&M University
|b College Station
|c Electronic Resources
|s www_evans
|d Available Online
|t 0
|h Library of Congress classification
|
| 998 |
f |
f |
|t 0
|l Available Online
|